书目信息 |
| 题名: |
微波炉美食
|
|
| 作者: | 蓝心雨 , 程红斌 编 | |
| 分册: | ||
| 出版信息: | 广州 广东旅游出版社 1999 |
|
| 页数: | 143页 | |
| 开本: | 20cm | |
| 丛书名: | 饮食新生活系列 | |
| 单 册: | ||
| 中图分类: | TS972.129.3 | |
| 科图分类: | ||
| 主题词: | 微波加热设备--食谱 , 微波加热设备--菜谱 | |
| 电子资源: | ||
| ISBN: | 978-7-80521-590-7 | |
| 000 | 00767oam2 2200265 450 | |
| 001 | 0100011380 | |
| 005 | 20110608124757.0 | |
| 010 | @a978-7-80521-590-7@dCNY13.50 | |
| 100 | @a20021005d1999 em y0chiy0110 ea | |
| 101 | 0 | @achi |
| 102 | @aCN@b440000 | |
| 105 | @af z 000yy | |
| 106 | @ar | |
| 200 | 1 | @a微波炉美食@9Wei Bo Lu Mei Shi;Si @f蓝心雨,程红斌编@b专著 |
| 210 | @a广州@c广东旅游出版社@d1999 | |
| 215 | @a143页@c彩照@d20cm | |
| 225 | 2 | @a饮食新生活系列@v18 |
| 410 | 0 | @12001 @a饮食新生活系列 |
| 606 | 0 | @a微波加热设备@x食谱 |
| 606 | 0 | @a微波加热设备@x菜谱 |
| 690 | @aTS972.129.3@v4 | |
| 701 | 0 | @a蓝心雨@9lan xin yu@4编 |
| 701 | 0 | @a程红斌@9cheng hong bin@4编 |
| 801 | 0 | @aCN@bAiZhiMarc@c20000316 |
| 905 | @aBZT@dTS972.1@e333@f1@sTS972.1/333 | |
| 微波炉美食/蓝心雨,程红斌编.-广州:广东旅游出版社,1999 |
| 143页:彩照;20cm.-(饮食新生活系列;18) |
| ISBN 978-7-80521-590-7:CNY13.50 |
| ● |
| 相关链接 |
|
|
|
正题名:微波炉美食
索取号:TS972.1/333
 
预约/预借
| 序号 | 登录号 | 条形码 | 馆藏地/架位号 | 状态 | 备注 |
| 1 | 2000116295 | 2000116295 | 旧书回溯/ [索取号:TS972.1/333] | 在馆 |